| 000 | 00466nam a2200169 i 4500 | ||
|---|---|---|---|
| 001 | 28237 | ||
| 003 | ES-MaACL | ||
| 005 | 20240320062602.0 | ||
| 007 | t| | ||
| 008 | 030116s1926 sp ||||1| spa d | ||
| 100 | 0 |
_aAzorín, _d1873-1967 _924326 |
|
| 245 | 1 | 0 |
_aOld Spain _b: comedia en tres actos y prólogo / _cpor Azorín. |
| 260 |
_aMadrid : _b[s.n., _c1926] ( _fCaro Raggio) |
||
| 300 |
_a190 p. ; _c19 cm. |
||
| 852 |
_aES-MaACL _jF-683 |
||
| 999 |
_c28237 _d28237 |
||